Advanced organic chemistry (Record no. 3079)

MARC details
000 -LEADER
fixed length control field 00546 a2200181 4500
020 ## - INTERNATIONAL STANDARD BOOK NUMBER
Terms of availability 350.00
035 ## - SYSTEM CONTROL NUMBER
System control number B-64349
037 ## - SOURCE OF ACQUISITION
Source of stock number/acquisition RP-ZLS-1631 / UBH-02-03:151 / RP-02-03:ENG
082 14 - DEWEY DECIMAL CLASSIFICATION NUMBER
Classification number 547
090 ## - LOCALLY ASSIGNED LC-TYPE CALL NUMBER (OCLC); LOCAL CALL NUMBER (OCLC)
-- 3141
-- 3141
100 1# - MAIN ENTRY--PERSONAL NAME
Personal name Bahl, Arun
245 1# - TITLE STATEMENT
Title Advanced organic chemistry
Statement of responsibility, etc by Arun Bahl, B.S. Bahl
260 ## - PUBLICATION, DISTRIBUTION, ETC. (IMPRINT)
Place of publication, distribution, etc New Delhi
Name of publisher, distributor, etc S. Chand
Date of publication, distribution, etc 2003r
300 ## - PHYSICAL DESCRIPTION
Extent viii, 1365 p
Dimensions 25 cm (HB)
700 ## - ADDED ENTRY--PERSONAL NAME
Personal name Bahl, B.S.
942 ## - ADDED ENTRY ELEMENTS (KOHA)
Institution code [OBSOLETE] dpl
Koha item type English Books
Call number prefix 547 / BAH
Holdings
Withdrawn status Lost status Source of classification or shelving scheme Damaged status Not for loan Home library Current library Cost, normal purchase price Total Checkouts Full call number Barcode Date last seen Uniform Resource Identifier Cost, replacement price Price effective from Koha item type Public note
    Dewey Decimal Classification     Sarojini Nagar Sarojini Nagar 350.00   547 BAH B-64349 15/09/2008 3276 350.00 15/09/2008 English Books Withdrawn List Prepared L.No.108/18

© Delhi Public Library
Hit Counter
free hit counter